Techniques for field experiments with rice

保存先:
書誌詳細
第一著者: Kwanchai A Gomez
フォーマット: 図書
言語:Undetermined
出版事項: Philippines IRRI 1972
主題:
タグ: タグ追加
タグなし, このレコードへの初めてのタグを付けませんか!
Thư viện lưu trữ: Trung tâm Học liệu Trường Đại học Cần Thơ
LEADER 00498nam a2200181Ia 4500
001 CTU_38666
008 210402s9999 xx 000 0 und d
082 |a 633.184 
082 |b G633 
100 |a Kwanchai A Gomez 
245 0 |a Techniques for field experiments with rice 
245 0 |c Kwanchai A Gomez, IRRI 
260 |a Philippines 
260 |b IRRI 
260 |c 1972 
650 |a rice,rice - planting 
904 |i Liên, 990811 
980 |a Trung tâm Học liệu Trường Đại học Cần Thơ